How to motivate entrepreneurship in backward areas; (Record no. 77833)

MARC details
000 -LEADER
fixed length control field 00673nam a22002171 4500
001 - CONTROL NUMBER
control field sa 68001251
003 - CONTROL NUMBER IDENTIFIER
control field DLC
005 - DATE AND TIME OF LATEST TRANSACTION
control field 20260227112431.0
008 - FIXED-LENGTH DATA ELEMENTS--GENERAL INFORMATION
fixed length control field 710903s1966 ii 00000 eng
010 ## - LIBRARY OF CONGRESS CONTROL NUMBER
LC control number sa 68001251
025 ## - OVERSEAS ACQUISITION NUMBER
Overseas acquisition number PL480:I-E-9013
043 ## - GEOGRAPHIC AREA CODE
Geographic area code a-ii---
050 0# - LIBRARY OF CONGRESS CALL NUMBER
Classification number HD2346.I5
Item number N325
082 ## - DEWEY DECIMAL CLASSIFICATION NUMBER
Classification number 658/.022/0954
110 20 - MAIN ENTRY--CORPORATE NAME
Corporate name or jurisdiction name as entry element National Small Industries Corporation Limited.
245 10 - TITLE STATEMENT
Title How to motivate entrepreneurship in backward areas;
Remainder of title the intensive campaign technique.
260 1# - PUBLICATION, DISTRIBUTION, ETC.
Place of publication, distribution, etc. New Delhi
Date of publication, distribution, etc. [1966]
300 ## - PHYSICAL DESCRIPTION
Extent v, 72 p.
Dimensions 24 cm.
650 #0 - SUBJECT ADDED ENTRY--TOPICAL TERM
Topical term or geographic name entry element Small business
Geographic subdivision India
General subdivision Case studies.
650 #0 - SUBJECT ADDED ENTRY--TOPICAL TERM
Topical term or geographic name entry element New business enterprises
Geographic subdivision India
General subdivision Case studies.

No items available.

Powered by Koha